000 01122cam a2200325 a 4500
005 20260322212055.0
008 data
010 _a 2006926129
020 _a073854857X (pbk.)
020 _a9780738548579 (pbk.)
040 _aWIH
_cWIH
_dDLC
042 _alccopycat
043 _an-us-az
050 0 0 _aF819.Y9
_bN45 2006
082 0 0 _a979.1/71
_222
092 _a979.1 Ear 2006
100 1 _aNelson, Robert.
245 1 0 _aEarly Yuma /
_cRobert Nelson & Arizona Historical Foundation.
260 _aCharleston, SC.:
_bArcadia Pub.,
_cc2006.
300 _a127 p. :
_bchiefly ill. ;
_c24 cm.
440 0 _aImages of America
500 _a"Published ... in partnership with the Arizona Historical Foundation--P. [4] of cover.
650 0 _aHistoric buildings
_zYuma
_zYuma
_vPictorial works.
651 0 _aYuma (Ariz.)
_xHistory
_vPictorial works.
651 0 _aYuma (Ariz.)
_xSocial life and customs
_vPictorial works.
651 0 _aYuma (Ariz.)
_vPictorial works.
_vPictorial works.
651 0 _aYuma (Ariz.)
_xBuildings, structures, etc.
_vPictorial works.
710 2 _aArizona Historical Foundation.
001 data
999 _c1313
_d1313